Normal view MARC view

Entry Topical Term

Number of records used in: 2

001 - CONTROL NUMBER

  • control field: 47048

003 - CONTROL NUMBER IDENTIFIER

  • control field: dpl

005 - DATE AND TIME OF LATEST TRANSACTION

  • control field: 20120514112355.0

008 - FIXED-LENGTH DATA ELEMENTS

  • fixed length control field: 120514|||a|||||| | ||| d

040 ## - CATALOGING SOURCE

  • Original cataloging agency: dpl
  • Transcribing agency: dpl

150 ## - HEADING--TOPICAL TERM

  • Topical term or geographic name as entry element: Aesthetics, Indic.

670 ## - SOURCE DATA FOUND

  • Source citation: Work cat.: (dpl): 46773 Saxena, S.K., Avenues to beauty : , 2009

670 ## - SOURCE DATA FOUND

  • Source citation: Work cat.: (dpl): 46773 Saxena, S.K., Avenues to beauty : , 2009

© Delhi Public Library
Hit Counter
free hit counter